000 00738nam a2200217Ia 4500
003 OSt
005 20251222120050.0
008 241129s9999||||xx |||||||||||||| ||und||
037 _aTB
040 _aCRL
_bpun
_cCRL
041 _apun
_2pun
084 _aO153,1x 168R3
_qCRL
100 _aਸੋਢੀ, ਪਰਮਿੰਦਰ, ਚ।
_9858456
245 0 _aਕੁਦਰਤ ਨਾਦ
_cਸੋਢੀ, ਪਰਮਿੰਦਰ, ਚ।
260 _aਅਮ੍ਰਿਤਸਰ, ਭਾਰਤ
_bਅਮ੍ਰਿਤਸਰ ਸੰਚਲ ਪਬਲੀਕੇਸ਼ਨ
_c2023
300 _a106ਪ੍ਰ0
365 _aINR
_b595
650 _aPunjabi LiteraturePoetry
_9726276
942 _cTB
_hO153,1x 168R3
_2CC
_n0
999 _c1229788
_d1229788